000 00493nam a2200181Ia 4500
001 8695
005 20260306160628.0
008 260306t2015||||xx |||||||||||||| ||spa||
041 _aESP
082 _a371.3
_bE333
100 _aEggen, Paul D.
_eAUT
245 0 _aEstrategias docentes:
_benseñanza de contenidos curriculares y desarrollo de habilidades de pensamiento
260 _c2015
300 _a505 páginas :
_c23 cm.
650 _aGEN
654 _aCED
942 _cLIB
_dJUS
_fJUS
_2ddc
_n
999 _c8695
_d8695